LEADER 01613nam0 22003613i 450 001 FER0055287 005 20251003044153.0 100 $a20121009d1921 ||||0itac50 ba 101 | $aita 102 $ait 181 1$6z01$ai $bxxxe 182 1$6z01$an 183 1$6z01$anc$2RDAcarrier 200 1 $aSui principi generali del diritto$e[prolusione al corso di filosofia del diritto, letta il 13 dicembre 1920 nella R. Universitā di Roma]$fGiorgio Del Vecchio 210 $aModena$cSocietā tipografica modenese$d1921 215 $a63 p.$d24 cm 300 $aEstratto da: Archivio giuridico, v. 85, fasc. 1. 606 $aFilosofia del diritto$2FIR$3CFIC001953$9E 676 $a340.1$9DIRITTO. FILOSOFIA E TEORIA$v20 676 $a340.1$9DIRITTO. FILOSOFIA E TEORIA$v23 676 $a340.107114563$9FILOSOFIA DEL DIRITTO.INSEGNAMENTO,EDUCAZIONE,RICERCA,SOGGETTI CONNESSI.ROMA$v21 700 1$aDel Vecchio$b, Giorgio$f <1878-1970>$3CFIV092829$4070$0159214 790 1$aDeru Bekio$b, Jorujo$3BVEV301971$zDel Vecchio, Giorgio <1878-1970> 801 3$aIT$bIT-000000$c20121009 850 $aIT-BN0095 $aIT-NA0581 $aIT-NA0097 901 $bNAP 01$cD $n$ 901 $bNAP FC$cBIBL CROCE$n$ 901 $bNAP SP$cGIURIDICO $nFONDO GIURIDICO 912 $aFER0055287 950 0$aBiblioteca Centralizzata di Ateneo$d 01D (AR) 5 350$e 01AR 0070053505 VMA A4 1 v.$fY $h20230511$i20230511$lFondo Chiomenti$mEx Libris 977 $a 01$a FC$a SP 996 $aSui principi generali del diritto$9585733 997 $aUNISANNIO